Statistics for WWE Quiz

Click here to take the quiz!

General Stats

  • This quiz has been taken 9 times
  • The average score is 8 of 15

Answer Stats

HintAnswer% Correct
When was the first Royal Rumble?1988
100%
When was the first Wrestlemania?1985
100%
When did the Ruthless Aggression Era start?2002
89%
When did the Attitude Era start?1997
89%
Who debuted in the first Hell in a Cell match?Kane
78%
When did the Ruthless Aggression Era end?2002
67%
When did The New Era start?2016
67%
Who was the first Hardcore Champion?Mankind/Mick Foley
56%
Who pulled a gun on Steve Austin?Brian Pillman
33%
Who were the first four general managers of Raw?Eric Bischoff
22%
Sting vs Undertaker happened in..WCW
22%
Steve Austin
11%
Mick Foley
11%
Vince McMahon
11%
Who was the first wrestler to win the revived Women’s Championship?Jacqueline
0%

Score Distribution

Percentile by Number Answered

Percent of People with Each Score

Your Score History

You have not taken this quiz